000 00484nam a2200181Ia 4500
008 240925s9999 xx 000 0 und d
020 _a9789352535897
082 _a515.35 RAI
100 _aRaisinghania, M. D.
245 0 _aAdvanced Differential Equations
250 _a19th
260 _aNew Delhi:
_bS. Chand & Co
_c,2018.
300 _axxiv, 539p.
_b0
_fOriginal
500 _aIncludes Index
600 _aHumanities & Natural Science
650 _aMathematics
942 _cBK
999 _c16003
_d16003